|
|
|
|
| LEADER |
00000naa2a2200000 4500 |
| 001 |
609224 |
| 005 |
20240208094748.0 |
| 035 |
|
|
|a (RuTPU)RU\TPU\conf\6671
|
| 035 |
|
|
|a RU\TPU\conf\6670
|
| 090 |
|
|
|a 609224
|
| 100 |
|
|
|a 20141030d2014 k y0rusy50 ca
|
| 101 |
0 |
|
|a rus
|
| 102 |
|
|
|a RU
|
| 105 |
|
|
|a y z 101zy
|
| 135 |
|
|
|a drgn ---uucaa
|
| 181 |
|
0 |
|a i
|
| 182 |
|
0 |
|a b
|
| 200 |
1 |
|
|a Диагностика трудностей, связанных с элементарной математикой как обязательная составляющая обучения школьников и студентов решению задач по физике
|f Е. В. Полицинский
|
| 203 |
|
|
|a Текст
|c электронный
|
| 225 |
1 |
|
|a Психолого-педагогические аспекты непрерывного математического образования
|
| 300 |
|
|
|a Заглавие с титульного экрана
|
| 320 |
|
|
|a [Библиогр.: с. 277 (3 назв.)]
|
| 337 |
|
|
|a Adobe Reader
|
| 463 |
|
0 |
|0 (RuTPU)RU\TPU\conf\6235
|t Математика в естественнонаучных исследованиях
|o сборник трудов Всероссийской научно-практической конференции молодых ученых, аспирантов и студентов, г. Юрга, 9-10 октября 2014 г.
|f Томский политехнический университет (ТПУ), Юргинский технологический институт (ЮТИ) ; ред. кол. О. Б. Березовская и др.
|v [С. 274-277]
|d 2014
|
| 610 |
1 |
|
|a труды учёных ТПУ
|
| 610 |
1 |
|
|a электронный ресурс
|
| 610 |
1 |
|
|a диагностика
|
| 610 |
1 |
|
|a трудности
|
| 610 |
1 |
|
|a элементарная математика
|
| 610 |
1 |
|
|a обучение
|
| 610 |
1 |
|
|a школьники
|
| 610 |
1 |
|
|a студенты
|
| 610 |
1 |
|
|a решение задач
|
| 610 |
1 |
|
|a физика
|
| 700 |
|
1 |
|a Полицинский
|b Е. В.
|c физик
|c доцент Юргинского технологического университета (филиала) Томского политехнического университета, кандидат педагогических наук
|f 1974-
|g Евгений Валерьевич
|3 (RuTPU)RU\TPU\pers\24524
|9 10834
|
| 712 |
0 |
2 |
|a Национальный исследовательский Томский политехнический университет (ТПУ)
|b Юргинский технологический институт (филиал) (ЮТИ)
|b Кафедра естественного научного образования (ЕНО)
|3 (RuTPU)RU\TPU\col\18894
|
| 801 |
|
2 |
|a RU
|b 63413507
|c 20220216
|g RCR
|
| 856 |
4 |
|
|u http://earchive.tpu.ru/handle/11683/69594
|
| 856 |
4 |
|
|u http://www.lib.tpu.ru/fulltext/c/2014/C80/088.pdf
|
| 942 |
|
|
|c BK
|